000 00624nam a2200241 a 4500
001 nice12345678
003 IN_TiNIC
005 20260116011905.0
008 050524s1968 illa grp 000 0 eng
020 _a
_c100
082 0 0 _a223
_bTAY
100 _aTaylor, Kenneth N
245 _aLiving Lessons of Life and Love
_b Ruth, Esther, Job, Ecclesiastes & Song of
260 _aIllinois
_bTyndale House
_c1968
300 _a144p
500 _aincludes index and biblioraphy
505 2 _aIllus.
650 _aWisdom Literature
700 1 _aTaylor, Kenneth N
902 _bSRS
942 _cBK
999 _c4733
_d4733